Score 0/10 Timer 01:00
0 Plays Today
Question Answer Wrong Answers
what is this color light blue
100%
purple
0%
blue
0%
light pink
0%
what is this color pink
100%
purple
0%
blue
0%
yellow
0%
what is the color maroon
91.7%
blue
0%
pink
0%
green
0%
what is this color light green
91.7%
teal
8.3%
black
0%
gray
0%
what is the color yellow
91.7%
green
0%
gray
0%
black
0%
what is the color white
91.7%
gray
0%
black
0%
purple
0%
what is this color red
84.6%
orange
0%
yellow
0%
pink
15.4%
what is the color brown
83.3%
black
8.3%
red
0%
blue
0%
what is the color orange
66.7%
red
25%
black
0%
pink
0%
what is the color tan
50%
blue
0%
gray
0%
orange
41.7%
Remove Ads.
Support Sporcle.
Get the best of Sporcle when you Go Orange. This ad-free experience offers more features, more stats, and more fun while also helping to support Sporcle. Thank you for becoming a member.

You're not logged in!

Compare scores with friends on all Sporcle quizzes.
OR
Log In

Show Comments

Extras

Created Oct 4, 2019ReportNominate
Tags:Color Quiz

Top Quizzes Today


Score Distribution

Your Account Isn't Verified!

In order to create a playlist on Sporcle, you need to verify the email address you used during registration. Go to your Sporcle Settings to finish the process.

Report this User

Report this user for behavior that violates our Community Guidelines.

Details: